000 00651nam a2200229 i 4500
001 bg
100 1 _aWYRWAŁ, Jerzy
245 1 0 _aTermodynamiczne podstawy fizyki budowli /
_cJerzy Wyrwał.
260 _aOpole :
_bPolitechnika Opolska,
_c2004.
300 _a251 s. :
_brys., tab., wykr. ;
_c24 cm.
504 _aBibliogr. przy rozdz. Indeks.
650 9 _aBudownictwo
_xfizyka
650 9 _aTermodynamika techniczna
_xmetody
655 _aPodręczniki
020 _a8388492551
040 _cBPK
041 0 _apol
080 _a69:621.1.01:536.7](07)
920 _a83-88492-55-1
942 _cKS
008 s pl f |000 0 pol
999 _c45253
_d45253
856 _uhttp://koha.tu.koszalin.pl/cgi-bin/koha/opac-detail.pl?biblionumber=45253
_yKatalog online BPK